BIBLIOTHÈQUE DE LA MAISON DU MEXIQUE

Logo 1 Logo 2

Cornelius, Blanco, Uribe, Zambrano (notice nᵒ 4113)

détails MARC
000 -Sello discográfico
campo de control de longitud fija 00996nam a2200289 4500
005 - Identificación de versión
campo de control 20251016083742.0
035 ## - Otros números de control del sistema
Número de control del sistema 26143
099 ## - fechas locales
Tipo de ítem Koha LIBRO
100 ## - Datos de procesamiento general
Datos de procesamiento general 19990428d1979 m y1spay5003 ba
101 1# - Idioma del recurso
Idioma del texto, banda sonora, etc. Francés
-- Español; Castellano
105 ## - Campo de datos codificados: Material textual, monográfico
Datos codificados de monografía y 001ay
200 1# - Título y mención de responsabilidad
Título propio Cornelius, Blanco, Uribe, Zambrano
Designación general del material texto impreso
Primer mención de responsabilidad Direction Catherine Herry
210 ## - Publicación, distribución, etc.
Lugar de publicación, distribución, etc. Paris
Nombre del editor, distribuidor, etc. Martine Rousselou et Daniel Bonnin
Fecha de publicación, distribución, etc. 1979
215 ## - Descripción física
Designación de material específico y extensión del ítem 58 p
Dimensiones 21 cm
300 ## - Notas generales
Texto de la nota Edición bilingüe francés-español, alemán-español
345 ## - Nota de información de adquisición
Fuente de adquisición/dirección de la suscripción [OBSOLETO] Donación de Vilma Fuentes
410 #1 - Series
Título Altaforte
Nombre de parte o sección Poésie, Fiction, Essai
Número de volumen 1
606 ## - Término temático usado como materia
Elemento de entrada Literatura hispanoamericana
Subdivisión temática Publicaciones periódicas
Número Koha 8124
702 ## - Nombre personal - Responsabilidad secundaria
Elemento de entrada Herry
Parte del nombre distinta del elemento de entrada Catherine
Número Koha 8125
801 #0 - Fuente de origen
Agencia cm
900 ## -
-- 1/18666
900 ## -
-- 7109910577\280499
942 ## - ELEMENTOS DE ENTRADA SECUNDARIOS (KOHA)
Tipo de ítem Koha Livre
996 ## -
-- MEX
-- 751145101
-- MMAG
-- 010100
-- H860.5 A465C
-- 20240408LIV
Exemplaires
Estatus retirado Estado de daño Estado de pérdida Fecha de adquisición Biblioteca de origen Biblioteca actual Ubicación en estantería Código de barras Precio de reemplazo Signatura topográfica completa No para préstamo Tipo de ítem Koha Nota pública Nota no pública
      05/08/2025 Casa México Paris Casa México Paris   010100 05/08/2025 H860.5 A465C   Périodiques 20240408LIV 751145101